Music Quiz

Random Music or Classical Quiz

Composers by Work Quiz Stats

Quiz not verified by Sporcle

Also try: R.E.M. Songs
Challenge
Share
Tweet
Embed
Score 0/48 Timer 05:00
0 Plays Today
Work Composer % Correct
The Magic FluteWolfgang Amadeus Mozart
88.4%
The Four SeasonsAntonio Vivaldi
88%
1812 OverturePyotr Ilyich Tchaikovsky
82.4%
Brandenburg ConcertiJohann Sebastian Bach
81.9%
CarmenGeorges Bizet
81.9%
Symphony No. 9 'From a New World'Antonín Dvořák
80.6%
The FirebirdIgor Stravinsky
80.1%
BoléroMaurice Ravel
76.9%
Appalachian SpringAaron Copland
75.9%
Pictures at an ExhibitionModest Mussorgsky
73.6%
The Barber of SevilleGioachino Rossini
72.7%
FinlandiaJean Sibelius
72.7%
'Unfinished' Symphony No. 8Franz Schubert
72.2%
'Surprise' Symphony No. 94Franz-Josef Haydn
71.3%
Music for the Royal FireworksGeorge Frederic Handel
70.8%
Carmina BuranaCarl Orff
70.8%
'Revolutionary' Étude, Op. 10 No. 12Frédéric Chopin
70.4%
La TraviataGiuseppe Verdi
70.4%
Enigma VariationsEdward Elgar
69.9%
Symphonie FantastiqueHector Berlioz
69.4%
Adagio for Strings, Op. 11Samuel Barber
68.5%
Flight of the BumblebeeNikolai Rimsky-Korsakov
66.7%
Thus Spoke ZarathustraRichard Strauss
65.7%
La BohèmeGiacomo Puccini
65.3%
Work Composer % Correct
TannhäuserRichard Wagner
61.6%
Canon and Gigue in D majorJohann Pachelbel
56.9%
Danse MacabreCamille Saint-Saëns
56.5%
Ein Deutsches Requiem (A German Requiem)Johannes Brahms
55.1%
CandideLeonard Bernstein
55.1%
Pini di Roma (Pines of Rome)Ottorino Respighi
54.6%
Wedding Day at TroldhaugenEdvard Grieg
52.3%
The MoldauBedřich Smetana
51.4%
Pavane, Op. 50Gabriel Fauré
49.1%
Transcendental ÉtudesFranz Liszt
48.1%
'Waldstein' SonataLudwig van Beethoven
46.3%
Suite BergamasqueClaude Debussy
45.8%
The Tales of HoffmannJacques Offenbach
45.8%
English Folk Song SuiteRalph Vaughan Williams
45.4%
Kinderscenen (Scenes from Childhood)Robert Schumann
42.1%
Prince of Denmark's March (Trumpet Voluntary)Jeremiah Clarke or Henry Purcell
36.6%
LakméLéo Délibes
34.7%
A Ceremony of CarolsBenjamin Britten
33.3%
Suites for Military BandGustav Holst
28.7%
l'Art de Toucher le Clavecin (The Art of Playing the Harpsichord)François Couperin
25.5%
Vespro della Beata Virgine (Vespers of the Blessed Virgin)Claudio Monteverdi
22.7%
Rondo CapricciosoFelix Mendelssohn
13.9%
Warsaw ConcertoRichard Addinsell
11.1%
The Cat's FugueDomenico Scarlatti
9.7%

You're not logged in!

Compare scores with friends on all Sporcle quizzes.
Join for Free
OR
Log In

You Might Also Like...

Show Comments

Extras

Top Quizzes Today


Score Distribution

Your Account Isn't Verified!

In order to create a playlist on Sporcle, you need to verify the email address you used during registration. Go to your Sporcle Settings to finish the process.

Report this User

Report this user for behavior that violates our Community Guidelines.

Details: